000 00374nam a2200133Ia 4500
008 210430s9999 xx 000 0 und d
020 _a8130706067
082 _a150 C683 F
100 _aM. Colins, J. Drever
_9128945
245 2 _aA First Laboratory guide in psychology /
_cM. Colins
260 _aNew Delhi
_bCosmo Publications
_c2007
300 _a107p
942 _cBK
_2ddc
999 _c562465
_d562465